| 000 -LEADER |
| fixed length control field |
01078nam a22003017a 4500 |
| 001 - CONTROL NUMBER |
| control field |
21598 |
| 003 - CONTROL NUMBER IDENTIFIER |
| control field |
BD-DhUAP |
| 005 - DATE AND TIME OF LATEST TRANSACTION |
| control field |
20220619161850.0 |
| 008 - FIXED-LENGTH DATA ELEMENTS--GENERAL INFORMATION |
| fixed length control field |
151207r20092011enk b 001 0 eng |
| 020 ## - INTERNATIONAL STANDARD BOOK NUMBER |
| International Standard Book Number |
9780141442259 Paperback |
| 040 ## - CATALOGING SOURCE |
| Original cataloging agency |
BD-DhUAP |
| Transcribing agency |
BD-DhUAP |
| Modifying agency |
BD-DhUAP |
| -- |
BD-DhAAL |
| Language of cataloging |
eng |
| 082 00 - DEWEY DECIMAL CLASSIFICATION NUMBER |
| Classification number |
320.1 MAC |
| Edition number |
19 |
| 100 1# - MAIN ENTRY--PERSONAL NAME |
| Personal name |
Machiavelli, Niccolò, |
| Dates associated with a name |
1469-1527. |
| 9 (RLIN) |
3747 |
| 245 14 - TITLE STATEMENT |
| Title |
The prince / |
| Statement of responsibility, etc. |
Niccolo Machiavelli ; Translated by Park ,Tim |
| 260 ## - PUBLICATION, DISTRIBUTION, ETC. |
| Place of publication, distribution, etc. |
Penguin Random House UK |
| Name of publisher, distributor, etc. |
Penguin |
| 300 ## - PHYSICAL DESCRIPTION |
| Extent |
xxx, 124 p. ; |
| Dimensions |
20 cm. |
| 500 ## - GENERAL NOTE |
| General note |
Translation from the Italian of: Il principe. |
| 500 ## - GENERAL NOTE |
| General note |
Includes indexes. |
| 504 ## - BIBLIOGRAPHY, ETC. NOTE |
| Bibliography, etc. note |
Bibliography: p. xxix-xxxi. |
| 650 #0 - SUBJECT ADDED ENTRY--TOPICAL TERM |
| Topical term or geographic name entry element |
Political science |
| General subdivision |
Early works to 1800. |
| 9 (RLIN) |
16667 |
| 650 #0 - SUBJECT ADDED ENTRY--TOPICAL TERM |
| Topical term or geographic name entry element |
Political ethics. |
| 9 (RLIN) |
16668 |
| 700 1# - ADDED ENTRY--PERSONAL NAME |
| Personal name |
Skinner, Quentin. |
| 9 (RLIN) |
14047 |
| 700 1# - ADDED ENTRY--PERSONAL NAME |
| Personal name |
Price, Russell. |
| 9 (RLIN) |
16669 |
| 856 41 - ELECTRONIC LOCATION AND ACCESS |
| Materials specified |
Table of contents |
| Uniform Resource Identifier |
<a href="http://www.loc.gov/catdir/toc/cam031/88005048.html">http://www.loc.gov/catdir/toc/cam031/88005048.html</a> |
| 856 42 - ELECTRONIC LOCATION AND ACCESS |
| Materials specified |
Publisher description |
| Uniform Resource Identifier |
<a href="http://www.loc.gov/catdir/description/cam023/88005048.html">http://www.loc.gov/catdir/description/cam023/88005048.html</a> |
| 942 ## - ADDED ENTRY ELEMENTS (KOHA) |
| Source of classification or shelving scheme |
|
| Koha item type |
Book |